Sports Quiz

Random Sports or MLB Quiz

MLB Best Pitching Seasons by Adjusted ERA+ Quiz Stats

Quiz not verified by Sporcle

Challenge
Share
Tweet
Embed
Score 0/33 Timer 04:00
0 Plays Today
ERA+; Year Pitcher % Correct
259; 1913Walter Johnson
96.2%
243; 1912Walter Johnson
96.2%
215; 1919Walter Johnson
96.2%
214; 1918Walter Johnson
96.2%
291; 2000Pedro Martinez
95.1%
243; 1999Pedro Martinez
95.1%
219; 1997Pedro Martinez
95.1%
211; 2003Pedro Martinez
95.1%
202; 2002Pedro Martinez
95.1%
226; 2005Roger Clemens
91.1%
222; 1997Roger Clemens
91.1%
213; 1990Roger Clemens
91.1%
274; 1994Greg Maddux
86.4%
262; 1995Greg Maddux
86.4%
258; 1968Bob Gibson
84.4%
217; 1901Cy Young
83.1%
230; 1905Christy Mathewson
72.4%
ERA+; Year Pitcher % Correct
222; 1909Christy Mathewson
72.4%
229; 1985Dwight Gooden
63.2%
225; 1915Pete Alexander
57.5%
220; 1931Lefty Grove
56.7%
253; 1906Three Finger Brown
50.9%
217; 1996Kevin Brown
50.9%
208; 1978Ron Guidry
48.2%
205; 2009Zack Greinke
42.5%
206; 1908Addie Joss
19.6%
279; 1914Dutch Leonard
12.4%
200; 1955Billy Pierce
4.5%
201; 1923Dolf Luque
4.1%
209; 1905Ed Reulbach
3.3%
216; 1907Jack Pfiester
2.9%
209; 1902Jack Taylor
2%
213; 1907Carl Lundgren
1.4%

You're not logged in!

Compare scores with friends on all Sporcle quizzes.
Sign Up with Email
OR
Log In

You Might Also Like...

Show Comments

Extras

Top Quizzes Today


Score Distribution

Your Account Isn't Verified!

In order to create a playlist on Sporcle, you need to verify the email address you used during registration. Go to your Sporcle Settings to finish the process.

Report this User

Report this user for behavior that violates our Community Guidelines.

Details: